Bayview Estate, Whitstable-on-Sea...Messrs. Protheroe and Morris will offer for sale by auction in a marquee on the Estate on Tuesday September 27th 1904 at 2.30 p.m., 86 choice plots of freehold building land... (Record no. 116486)

MARC details
000 -LEADER
fixed length control field 00873cam a22002055a 4500
001 - CONTROL NUMBER
control field L140792
008 - FIXED-LENGTH DATA ELEMENTS--GENERAL INFORMATION
fixed length control field 071011s1904 xxk eng u
035 ## - SYSTEM CONTROL NUMBER
System control number (Sirsi) u140792
041 0# - LANGUAGE CODE
Language code of text/sound track or separate title eng
110 2# - MAIN ENTRY--CORPORATE NAME
Corporate name or jurisdiction name as entry element Protheroe and Morris
9 (RLIN) 5384
245 00 - TITLE STATEMENT
Title Bayview Estate, Whitstable-on-Sea...Messrs. Protheroe and Morris will offer for sale by auction in a marquee on the Estate on Tuesday September 27th 1904 at 2.30 p.m., 86 choice plots of freehold building land...
260 ## - PUBLICATION, DISTRIBUTION, ETC.
Place of publication, distribution, etc. S.l.
Name of publisher, distributor, etc. s.n.
Date of publication, distribution, etc. [1904]
300 ## - PHYSICAL DESCRIPTION
Extent [6] p.
Dimensions 28 cm.
Accompanying material +1 sheet (15 x 21 cm.)
340 ## - PHYSICAL MEDIUM
Material base and configuration Printed
351 ## - ORGANIZATION AND ARRANGEMENT OF MATERIALS
Hierarchical level Single item
500 ## - GENERAL NOTE
General note Item is accompanied by an inter-office note dated 5 September 1973 to the Acting Librarian regarding the donation of the item.
651 4# - SUBJECT ADDED ENTRY--GEOGRAPHIC NAME
Geographic name Kent
690 ## - LOCAL SUBJECT ADDED ENTRY--TOPICAL TERM (OCLC, RLIN)
Topical term or geographic name as entry element PROPERTY-PROPERTY ACQUISITION AND DISPOSAL-ACQUISITION AND DISPOSAL AT AUCTION
942 ## - ADDED ENTRY ELEMENTS (KOHA)
Suppress in OPAC 0
Holdings
Withdrawn status Lost status Source of classification or shelving scheme Damaged status Not for loan Home library Current library Shelving location Date acquired Total Checkouts Full call number Barcode Date last seen Copy number Price effective from Koha item type
    Dewey Decimal Classification     London London Basement 11/10/2007   BASEMENT BOX 1 30013163 06/08/2019 1 06/08/2019 Archive